000 00355pam a2200157a 44500
008 230515b1980 xxu||||| |||| 00| 0 eng d
020 _aNULL
041 _aENGLISH
082 _a630
100 _a4515-1967
245 _aCODE OF PRACTICE FOR BOULDER LINING FOR CANALS
250 _a0
260 _aDELHI
_bISI
_c1980
300 _a13
650 _aNULL
999 _c652240
_d652240